| 000 | 00339nam a2200133Ia 4500 | ||
|---|---|---|---|
| 008 | 210210b1979 xxu||||| |||| 00| 0 eng d | ||
| 082 | _a813.54 FOLE | ||
| 100 | _aFOLLETT (Ken). | ||
| 245 | _aEye of the needle. | ||
| 260 |
_aNew York. _bA Signet Book., _c1979 |
||
| 300 | _ax,333 | ||
| 690 | _aAmerican English Fiction | ||
| 906 | _aSG02617 | ||
| 999 |
_c113386 _d113386 |
||